<?xml version="1.0" encoding="UTF-8"?>
<record
    xmlns:xsi="http://www.w3.org/2001/XMLSchema-instance"
    xsi:schemaLocation="http://www.loc.gov/MARC21/slim http://www.loc.gov/standards/marcxml/schema/MARC21slim.xsd"
    xmlns="http://www.loc.gov/MARC21/slim">

  <leader>00532nam a22001697a 4500</leader>
  <controlfield tag="003">SEACOMEC</controlfield>
  <controlfield tag="005">20251014162021.0</controlfield>
  <controlfield tag="008">250529b        |||||||| |||| 00| 0 eng d</controlfield>
  <datafield tag="020" ind1=" " ind2=" ">
    <subfield code="a">812193091X</subfield>
    <subfield code="c">170.00</subfield>
  </datafield>
  <datafield tag="040" ind1=" " ind2=" ">
    <subfield code="a">SEACOMEC</subfield>
  </datafield>
  <datafield tag="082" ind1=" " ind2=" ">
    <subfield code="a">005.73</subfield>
    <subfield code="b">B575</subfield>
  </datafield>
  <datafield tag="100" ind1=" " ind2=" ">
    <subfield code="a"> Bhaumik,  Arup Kumar </subfield>
  </datafield>
  <datafield tag="245" ind1=" " ind2=" ">
    <subfield code="a">Data Structures and Algorithms </subfield>
    <subfield code="c"> Arup Kumar  Bhaumik ...[et.al]</subfield>
  </datafield>
  <datafield tag="260" ind1=" " ind2=" ">
    <subfield code="a">New Delhi</subfield>
    <subfield code="b">S Chand &amp; Company</subfield>
    <subfield code="c">2011</subfield>
  </datafield>
  <datafield tag="650" ind1=" " ind2=" ">
    <subfield code="a">Computer science -</subfield>
    <subfield code="v">Computer algorithms- Computer programming Data structures </subfield>
  </datafield>
  <datafield tag="942" ind1=" " ind2=" ">
    <subfield code="c">BOOK</subfield>
  </datafield>
  <datafield tag="952" ind1=" " ind2=" ">
    <subfield code="0">0</subfield>
    <subfield code="1">0</subfield>
    <subfield code="2">ddc</subfield>
    <subfield code="4">0</subfield>
    <subfield code="7">0</subfield>
    <subfield code="a">SEACOMEC</subfield>
    <subfield code="b">SEACOMEC</subfield>
    <subfield code="d">2010-11-09</subfield>
    <subfield code="l">0</subfield>
    <subfield code="o">005.73 B575</subfield>
    <subfield code="p">17634</subfield>
    <subfield code="r">2025-05-29 13:15:02</subfield>
    <subfield code="w">2025-05-29</subfield>
    <subfield code="y">REF</subfield>
  </datafield>
  <datafield tag="952" ind1=" " ind2=" ">
    <subfield code="0">0</subfield>
    <subfield code="1">0</subfield>
    <subfield code="2">ddc</subfield>
    <subfield code="4">0</subfield>
    <subfield code="7">0</subfield>
    <subfield code="a">SEACOMEC</subfield>
    <subfield code="b">SEACOMEC</subfield>
    <subfield code="d">2010-11-09</subfield>
    <subfield code="l">1</subfield>
    <subfield code="o">005.73 B575</subfield>
    <subfield code="p">17635</subfield>
    <subfield code="q">2026-05-28</subfield>
    <subfield code="r">2026-05-14 11:41:19</subfield>
    <subfield code="s">2026-05-14</subfield>
    <subfield code="t">1</subfield>
    <subfield code="w">2025-05-29</subfield>
    <subfield code="y">BOOK</subfield>
  </datafield>
  <datafield tag="952" ind1=" " ind2=" ">
    <subfield code="0">0</subfield>
    <subfield code="1">0</subfield>
    <subfield code="2">ddc</subfield>
    <subfield code="4">0</subfield>
    <subfield code="7">0</subfield>
    <subfield code="a">SEACOMEC</subfield>
    <subfield code="b">SEACOMEC</subfield>
    <subfield code="d">2010-11-09</subfield>
    <subfield code="l">0</subfield>
    <subfield code="o">005.73 B575</subfield>
    <subfield code="p">17636</subfield>
    <subfield code="r">2025-05-29 13:15:02</subfield>
    <subfield code="t">2</subfield>
    <subfield code="w">2025-05-29</subfield>
    <subfield code="y">BOOK</subfield>
  </datafield>
  <datafield tag="952" ind1=" " ind2=" ">
    <subfield code="0">0</subfield>
    <subfield code="1">0</subfield>
    <subfield code="2">ddc</subfield>
    <subfield code="4">0</subfield>
    <subfield code="7">0</subfield>
    <subfield code="a">SEACOMEC</subfield>
    <subfield code="b">SEACOMEC</subfield>
    <subfield code="d">2010-11-09</subfield>
    <subfield code="l">1</subfield>
    <subfield code="o">005.73 B575</subfield>
    <subfield code="p">17637</subfield>
    <subfield code="q">2025-11-25</subfield>
    <subfield code="r">2025-11-11 16:09:02</subfield>
    <subfield code="s">2025-11-11</subfield>
    <subfield code="t">3</subfield>
    <subfield code="w">2025-05-29</subfield>
    <subfield code="y">BOOK</subfield>
  </datafield>
  <datafield tag="952" ind1=" " ind2=" ">
    <subfield code="0">0</subfield>
    <subfield code="1">0</subfield>
    <subfield code="2">ddc</subfield>
    <subfield code="4">0</subfield>
    <subfield code="7">0</subfield>
    <subfield code="a">SEACOMEC</subfield>
    <subfield code="b">SEACOMEC</subfield>
    <subfield code="d">2010-11-09</subfield>
    <subfield code="l">1</subfield>
    <subfield code="o">005.73 B575</subfield>
    <subfield code="p">17638</subfield>
    <subfield code="q">2025-11-25</subfield>
    <subfield code="r">2025-11-11 16:29:39</subfield>
    <subfield code="s">2025-11-11</subfield>
    <subfield code="t">4</subfield>
    <subfield code="w">2025-05-29</subfield>
    <subfield code="y">BOOK</subfield>
  </datafield>
  <datafield tag="952" ind1=" " ind2=" ">
    <subfield code="0">0</subfield>
    <subfield code="1">0</subfield>
    <subfield code="2">ddc</subfield>
    <subfield code="4">0</subfield>
    <subfield code="7">0</subfield>
    <subfield code="a">SEACOMEC</subfield>
    <subfield code="b">SEACOMEC</subfield>
    <subfield code="d">2010-11-09</subfield>
    <subfield code="l">0</subfield>
    <subfield code="o">005.73 B575</subfield>
    <subfield code="p">17639</subfield>
    <subfield code="r">2025-05-29 13:15:02</subfield>
    <subfield code="t">5</subfield>
    <subfield code="w">2025-05-29</subfield>
    <subfield code="y">BOOK</subfield>
  </datafield>
  <datafield tag="952" ind1=" " ind2=" ">
    <subfield code="0">0</subfield>
    <subfield code="1">0</subfield>
    <subfield code="2">ddc</subfield>
    <subfield code="4">0</subfield>
    <subfield code="7">0</subfield>
    <subfield code="a">SEACOMEC</subfield>
    <subfield code="b">SEACOMEC</subfield>
    <subfield code="d">2010-11-09</subfield>
    <subfield code="l">0</subfield>
    <subfield code="o">005.73 B575</subfield>
    <subfield code="p">17640</subfield>
    <subfield code="r">2025-05-29 13:15:02</subfield>
    <subfield code="t">6</subfield>
    <subfield code="w">2025-05-29</subfield>
    <subfield code="y">BOOK</subfield>
  </datafield>
  <datafield tag="952" ind1=" " ind2=" ">
    <subfield code="0">0</subfield>
    <subfield code="1">0</subfield>
    <subfield code="2">ddc</subfield>
    <subfield code="4">0</subfield>
    <subfield code="7">0</subfield>
    <subfield code="a">SEACOMEC</subfield>
    <subfield code="b">SEACOMEC</subfield>
    <subfield code="d">2010-11-09</subfield>
    <subfield code="l">1</subfield>
    <subfield code="o">005.73 B575</subfield>
    <subfield code="p">17641</subfield>
    <subfield code="r">2025-11-11 15:55:05</subfield>
    <subfield code="s">2025-11-11</subfield>
    <subfield code="t">7</subfield>
    <subfield code="w">2025-05-29</subfield>
    <subfield code="y">BOOK</subfield>
  </datafield>
  <datafield tag="952" ind1=" " ind2=" ">
    <subfield code="0">0</subfield>
    <subfield code="1">0</subfield>
    <subfield code="2">ddc</subfield>
    <subfield code="4">0</subfield>
    <subfield code="7">0</subfield>
    <subfield code="a">SEACOMEC</subfield>
    <subfield code="b">SEACOMEC</subfield>
    <subfield code="d">2010-11-09</subfield>
    <subfield code="l">0</subfield>
    <subfield code="o">005.73 B575</subfield>
    <subfield code="p">17642</subfield>
    <subfield code="r">2025-05-29 13:15:02</subfield>
    <subfield code="t">8</subfield>
    <subfield code="w">2025-05-29</subfield>
    <subfield code="y">BOOK</subfield>
  </datafield>
  <datafield tag="952" ind1=" " ind2=" ">
    <subfield code="0">0</subfield>
    <subfield code="1">0</subfield>
    <subfield code="2">ddc</subfield>
    <subfield code="4">0</subfield>
    <subfield code="7">0</subfield>
    <subfield code="a">SEACOMEC</subfield>
    <subfield code="b">SEACOMEC</subfield>
    <subfield code="d">2010-11-09</subfield>
    <subfield code="l">0</subfield>
    <subfield code="o">005.73 B575</subfield>
    <subfield code="p">17643</subfield>
    <subfield code="r">2025-05-29 13:15:02</subfield>
    <subfield code="t">9</subfield>
    <subfield code="w">2025-05-29</subfield>
    <subfield code="y">BOOK</subfield>
  </datafield>
  <datafield tag="952" ind1=" " ind2=" ">
    <subfield code="0">0</subfield>
    <subfield code="1">0</subfield>
    <subfield code="2">ddc</subfield>
    <subfield code="4">0</subfield>
    <subfield code="7">0</subfield>
    <subfield code="a">SEACOMEC</subfield>
    <subfield code="b">SEACOMEC</subfield>
    <subfield code="d">2010-11-09</subfield>
    <subfield code="l">0</subfield>
    <subfield code="o">005.73 B575</subfield>
    <subfield code="p">17644</subfield>
    <subfield code="r">2025-05-29 13:15:02</subfield>
    <subfield code="t">10</subfield>
    <subfield code="w">2025-05-29</subfield>
    <subfield code="y">BOOK</subfield>
  </datafield>
  <datafield tag="952" ind1=" " ind2=" ">
    <subfield code="0">0</subfield>
    <subfield code="1">0</subfield>
    <subfield code="2">ddc</subfield>
    <subfield code="4">0</subfield>
    <subfield code="7">0</subfield>
    <subfield code="a">SEACOMEC</subfield>
    <subfield code="b">SEACOMEC</subfield>
    <subfield code="d">2010-11-09</subfield>
    <subfield code="l">0</subfield>
    <subfield code="o">005.73 B575</subfield>
    <subfield code="p">17645</subfield>
    <subfield code="r">2025-05-29 13:15:02</subfield>
    <subfield code="t">11</subfield>
    <subfield code="w">2025-05-29</subfield>
    <subfield code="y">BOOK</subfield>
  </datafield>
  <datafield tag="952" ind1=" " ind2=" ">
    <subfield code="0">0</subfield>
    <subfield code="1">0</subfield>
    <subfield code="2">ddc</subfield>
    <subfield code="4">0</subfield>
    <subfield code="7">0</subfield>
    <subfield code="a">SEACOMEC</subfield>
    <subfield code="b">SEACOMEC</subfield>
    <subfield code="d">2010-11-09</subfield>
    <subfield code="l">0</subfield>
    <subfield code="o">005.73 B575</subfield>
    <subfield code="p">17646</subfield>
    <subfield code="r">2025-05-29 13:15:02</subfield>
    <subfield code="t">12</subfield>
    <subfield code="w">2025-05-29</subfield>
    <subfield code="y">BOOK</subfield>
  </datafield>
  <datafield tag="952" ind1=" " ind2=" ">
    <subfield code="0">0</subfield>
    <subfield code="1">0</subfield>
    <subfield code="2">ddc</subfield>
    <subfield code="4">0</subfield>
    <subfield code="7">0</subfield>
    <subfield code="a">SEACOMEC</subfield>
    <subfield code="b">SEACOMEC</subfield>
    <subfield code="d">2010-11-09</subfield>
    <subfield code="l">0</subfield>
    <subfield code="o">005.73 B575</subfield>
    <subfield code="p">17647</subfield>
    <subfield code="r">2025-05-29 13:15:02</subfield>
    <subfield code="t">13</subfield>
    <subfield code="w">2025-05-29</subfield>
    <subfield code="y">BOOK</subfield>
  </datafield>
  <datafield tag="952" ind1=" " ind2=" ">
    <subfield code="0">0</subfield>
    <subfield code="1">0</subfield>
    <subfield code="2">ddc</subfield>
    <subfield code="4">0</subfield>
    <subfield code="7">0</subfield>
    <subfield code="a">SEACOMEC</subfield>
    <subfield code="b">SEACOMEC</subfield>
    <subfield code="d">2010-11-09</subfield>
    <subfield code="l">0</subfield>
    <subfield code="o">005.73 B575</subfield>
    <subfield code="p">17648</subfield>
    <subfield code="r">2025-05-29 13:15:02</subfield>
    <subfield code="t">14</subfield>
    <subfield code="w">2025-05-29</subfield>
    <subfield code="y">BOOK</subfield>
  </datafield>
  <datafield tag="952" ind1=" " ind2=" ">
    <subfield code="0">0</subfield>
    <subfield code="1">0</subfield>
    <subfield code="2">ddc</subfield>
    <subfield code="4">0</subfield>
    <subfield code="7">0</subfield>
    <subfield code="a">SEACOMEC</subfield>
    <subfield code="b">SEACOMEC</subfield>
    <subfield code="d">2010-11-09</subfield>
    <subfield code="l">1</subfield>
    <subfield code="o">005.73 B575</subfield>
    <subfield code="p">17649</subfield>
    <subfield code="q">2025-11-25</subfield>
    <subfield code="r">2025-11-11 16:49:53</subfield>
    <subfield code="s">2025-11-11</subfield>
    <subfield code="t">15</subfield>
    <subfield code="w">2025-05-29</subfield>
    <subfield code="y">BOOK</subfield>
  </datafield>
  <datafield tag="952" ind1=" " ind2=" ">
    <subfield code="0">0</subfield>
    <subfield code="1">0</subfield>
    <subfield code="2">ddc</subfield>
    <subfield code="4">0</subfield>
    <subfield code="7">0</subfield>
    <subfield code="a">SEACOMEC</subfield>
    <subfield code="b">SEACOMEC</subfield>
    <subfield code="d">2010-11-09</subfield>
    <subfield code="l">0</subfield>
    <subfield code="o">005.73 B575</subfield>
    <subfield code="p">17650</subfield>
    <subfield code="r">2025-05-29 13:15:02</subfield>
    <subfield code="t">16</subfield>
    <subfield code="w">2025-05-29</subfield>
    <subfield code="y">BOOK</subfield>
  </datafield>
  <datafield tag="952" ind1=" " ind2=" ">
    <subfield code="0">0</subfield>
    <subfield code="1">0</subfield>
    <subfield code="2">ddc</subfield>
    <subfield code="4">0</subfield>
    <subfield code="7">0</subfield>
    <subfield code="a">SEACOMEC</subfield>
    <subfield code="b">SEACOMEC</subfield>
    <subfield code="d">2010-11-09</subfield>
    <subfield code="l">1</subfield>
    <subfield code="o">005.73 B575</subfield>
    <subfield code="p">17651</subfield>
    <subfield code="r">2026-03-30 13:20:54</subfield>
    <subfield code="s">2025-11-11</subfield>
    <subfield code="t">17</subfield>
    <subfield code="w">2025-05-29</subfield>
    <subfield code="y">BOOK</subfield>
  </datafield>
  <datafield tag="952" ind1=" " ind2=" ">
    <subfield code="0">0</subfield>
    <subfield code="1">0</subfield>
    <subfield code="2">ddc</subfield>
    <subfield code="4">0</subfield>
    <subfield code="7">0</subfield>
    <subfield code="a">SEACOMEC</subfield>
    <subfield code="b">SEACOMEC</subfield>
    <subfield code="d">2010-11-09</subfield>
    <subfield code="l">0</subfield>
    <subfield code="o">005.73 B575</subfield>
    <subfield code="p">17652</subfield>
    <subfield code="r">2025-05-29 13:15:02</subfield>
    <subfield code="t">18</subfield>
    <subfield code="w">2025-05-29</subfield>
    <subfield code="y">BOOK</subfield>
  </datafield>
  <datafield tag="952" ind1=" " ind2=" ">
    <subfield code="0">0</subfield>
    <subfield code="1">0</subfield>
    <subfield code="2">ddc</subfield>
    <subfield code="4">0</subfield>
    <subfield code="7">0</subfield>
    <subfield code="a">SEACOMEC</subfield>
    <subfield code="b">SEACOMEC</subfield>
    <subfield code="d">2010-11-09</subfield>
    <subfield code="l">0</subfield>
    <subfield code="o">005.73 B575</subfield>
    <subfield code="p">17653</subfield>
    <subfield code="r">2025-05-29 13:15:02</subfield>
    <subfield code="t">19</subfield>
    <subfield code="w">2025-05-29</subfield>
    <subfield code="y">BOOK</subfield>
  </datafield>
  <datafield tag="999" ind1=" " ind2=" ">
    <subfield code="c">2306</subfield>
    <subfield code="d">2306</subfield>
  </datafield>
</record>
